• 首页
  • 本馆介绍
  • 公告通知
  • 最新文献
  • 馆藏检索
  • 电子资源
  • 读者导购
  • 参考咨询
  • 我的图书馆
  • 登录
  • 详细信息显示
  • 放入我的书架
  • 预约/预借图书
  • 作者相关作品
  • 分类相关作品
  • 丛书相关作品
  • 出版社相关作品

书目信息

  • 表格格式
  • 工作单格式
  • 卡片格式
题名:
塑性变形镁合金的腐蚀与防护
    
 
作者: 徐宏妍 著
分册:  
出版信息: 北京   清华大学出版社  2015
页数: 160页
开本: 23cm
丛书名:
单 册:
中图分类: TG146.22 , TG146.2
科图分类:
主题词: 塑性变形--镁合金--防腐
电子资源:
ISBN: 978-7-302-42329-4
000 00823nam0 2200229 450
001 1150
005 20180927140905.96
010    @a978-7-302-42329-4@dCNY58.00
100    @a20160217d2015 em y0chiy50 ea
101 0  @achi
102    @aCN@b110000
105    @aa z 000yy
200 1  @a塑性变形镁合金的腐蚀与防护@9su xing bian xing mei he jin de fu shi yu fang hu@b专著@f徐宏妍著
210    @a北京@c清华大学出版社@d2015
215    @a160页@c图@d23cm
330    @a本书介绍了镁合金的分类、应用及腐蚀防护,列举了镁合金常见的腐蚀测试方法,对比了铸态和变形态镁合金的腐蚀特性和机理,综合分析了塑性变形与表面喷涂相结合的镁合金防腐工艺。
606 0  @a塑性变形@x镁合金@x防腐
690    @aTG146.22@v5
690    @aTG146.2@v4
701  0 @a徐宏妍@9xu hong yan@4著
801  0 @aCN@b91MARC@c20160302
905    @aMuseLib@dTG146.2@e79
    
    塑性变形镁合金的腐蚀与防护/徐宏妍著.-北京:清华大学出版社,2015
    160页:图;23cm
    
    
    ISBN 978-7-302-42329-4:CNY58.00
    本书介绍了镁合金的分类、应用及腐蚀防护,列举了镁合金常见的腐蚀测试方法,对比了铸态和变形态镁合金的腐蚀特性和机理,综合分析了塑性变形与表面喷涂相结合的镁合金防腐工艺。
●
相关链接 在E读中查询图书 在五车中查询图书 在当当中查询图书 在豆瓣中查询图书


正题名:塑性变形镁合金的腐蚀与防护     索取号:TG146.2/79         预约/预借

序号 登录号 条形码 馆藏地/架位号 状态 备注
1 1121409   211214096   第二样本阅览室/ [索取号:TG146.2/79] 在馆    
2 1121410   211214103   化学系资料室/ [索取号:TG146.2/79] 在馆    
3 1121411   211214112   第三借阅区/ [索取号:TG146.2/79] 在馆    
4 1121412   211214121   第三借阅区/ [索取号:TG146.2/79] 在馆    
5 1121413   211214130   第三借阅区/ [索取号:TG146.2/79] 在馆    
唐山师范学院图书馆 欢迎您!
大连网信软件有限公司© 版权所有